| 000 | 01250cam a2200301 a 4500 | ||
|---|---|---|---|
| 001 | 635622 | ||
| 003 | NUST-PNEC | ||
| 005 | 20170116180715.0 | ||
| 008 | 930811s1994 enk d 000 0 eng | ||
| 010 | _a 93031878 | ||
| 020 | _a052141427X | ||
| 040 | _cPNEC | ||
| 043 | _an-us--- | ||
| 050 | 0 | 0 |
_aPE2832 _b.L88 1994 |
| 082 | 0 | 0 |
_a423.1 LUT _220 |
| 100 | 1 | _aLutz, William. | |
| 245 | 1 | 4 |
_aThe Cambridge thesaurus of American English / _cWilliam D. Lutz. |
| 260 |
_aCambridge [England] ; _aNew York : _bCambridge University Press, _c1994. |
||
| 300 |
_ax, 515 p. ; _c24 cm. |
||
| 500 | _ahttp://www.amazon.com/Cambridge-Thesaurus-American-English/dp/052141427X/ref=sr_1_1?s=books&ie=UTF8&qid=1413627316&sr=1-1&keywords=052141427X | ||
| 650 | 0 |
_aEnglish language _zUnited States _xSynonyms and antonyms. _xGeneral |
|
| 650 | 0 |
_aAmericanisms _xDictionaries. |
|
| 740 | 0 | _aThesaurus of American English. | |
| 856 | 4 | 2 |
_3Publisher description _uhttp://www.loc.gov/catdir/description/cam025/93031878.html |
| 906 |
_a7 _bcbc _corignew _d1 _eocip _f19 _gy-gencatlg |
||
| 942 |
_2ddc _cBK |
||
| 999 |
_c61147 _d61147 |
||